| 000 | 00437nam a2200121Ia 4500 | ||
|---|---|---|---|
| 008 | 170224s9999 xx 000 0 und d | ||
| 245 | 3 | _aAn Exploratory Study of Convention Destination Competitiveness from the Attendees’ Perspective: Importance-Performance Analysis and Repeated Measures of Manova | |
| 260 | _bJournal of Hospitality & Tourism Research | ||
| 260 | _cAugust | ||
| 300 | _a40: | ||
| 500 | _aAugust | ||
| 650 | _xTourism. | ||
| 999 |
_c315584 _d315584 |
||